Central Library OPAC University of Rajshahi

Social aspects of industry, (Record no. 2662)

MARC details
000 -LEADER
fixed length control field 00949nam a2200301 a 4500
001 - CONTROL NUMBER
control field 2662
003 - CONTROL NUMBER IDENTIFIER
rucl marc code MCM
005 - DATE AND TIME OF LATEST TRANSACTION
control field 20211208233610.0
008 - FIXED-LENGTH DATA ELEMENTS--GENERAL INFORMATION
fixed length control field 150618s1943 nyu 000 0 eng
035 ## - SYSTEM CONTROL NUMBER
System control number MITb10894052
System control number (OCoLC)00301338
040 ## - CATALOGING SOURCE
Original cataloging agency DLC
Transcribing agency YNG
Modifying agency OCL
-- FDA
-- MYG
Language of cataloging eng
041 ## - LANGUAGE CODE
Language code of text/sound track or separate title eng
082 ## - DEWEY DECIMAL CLASSIFICATION NUMBER
Classification number 353.8
Author mark and year PAS 1943
100 1# - MAIN ENTRY--PERSONAL NAME
Personal name Patterson, S. Howard.
9 (RLIN) 116908
245 10 - TITLE STATEMENT
Title Social aspects of industry,
Remainder of title a survey of labor problems /
Statement of responsibility, etc. by S. Howard Patterson.
250 ## - EDITION STATEMENT
Edition statement 3d ed.
260 ## - PUBLICATION, DISTRIBUTION, ETC. (IMPRINT)
Place of publication, distribution, etc. New York,
Name of publisher, distributor, etc. McGraw-Hill,
Date of publication, distribution, etc. 1943.
300 ## - PHYSICAL DESCRIPTION
Pagination xviii, 536 p.
Illustrations illus.
Size 24 cm.
504 ## - BIBLIOGRAPHY, ETC. NOTE
Bibliography, etc Includes bibliographies.
650 #0 - SUBJECT ADDED ENTRY--TOPICAL TERM
Topical term or geographic name as entry element Working class
Geographic subdivision United States.
9 (RLIN) 116909
Topical term or geographic name as entry element Industries
Geographic subdivision United States.
9 (RLIN) 116910
651 #0 - SUBJECT ADDED ENTRY--GEOGRAPHIC NAME
Geographic name United States
General subdivision Social conditions.
9 (RLIN) 116911
Geographic name United States
General subdivision Economic conditions
Chronological subdivision 1918-1945.
9 (RLIN) 116912
942 ## - ADDED ENTRY ELEMENTS (KOHA)
Source of classification or shelving scheme Dewey Decimal Classification
Koha item type Books
Holdings
Lost status Source of classification or shelving scheme Damaged status Not for loan Collection code Permanent Location Current Location Shelving location Date acquired Source of acquisition Cost, normal purchase price Total Checkouts Full call number Date last seen Copy number Koha item type
  Dewey Decimal Classification   Not For Loan Non-fiction Central Library, University of Rajshahi Central Library, University of Rajshahi Reading Room 11/10/1955 Allies Book Corporation. 28.14   353.8 PAS 1943 12/12/2013 C-1 Books